Strategic management / (Record no. 368109)
[ view plain ]
| 000 -LEADER | |
|---|---|
| fixed length control field | 00694nam a22002177a 4500 |
| 003 - CONTROL NUMBER IDENTIFIER | |
| control field | 0 |
| 005 - DATE AND TIME OF LATEST TRANSACTION | |
| control field | 20250926133545.0 |
| 008 - FIXED-LENGTH DATA ELEMENTS--GENERAL INFORMATION | |
| fixed length control field | 250926b xxu||||| |||| 00| 0 eng d |
| 020 ## - INTERNATIONAL STANDARD BOOK NUMBER | |
| International Standard Book Number | 978-1-266-19186-2 |
| 050 ## - LIBRARY OF CONGRESS CALL NUMBER | |
| Classification number | HD 30.28 |
| Item number | .R68 2024 |
| 100 ## - MAIN ENTRY--PERSONAL NAME | |
| Personal name | Rothaermel, Frank T., |
| Relator term | author. |
| 245 ## - TITLE STATEMENT | |
| Title | Strategic management / |
| Statement of responsibility, etc | Frank T. Rothaermel. |
| 250 ## - EDITION STATEMENT | |
| Edition statement | Sixth edition. |
| 260 ## - PUBLICATION, DISTRIBUTION, ETC. (IMPRINT) | |
| Place of publication, distribution, etc | New York, NY : |
| Name of publisher, distributor, etc | McGraw Hill LLC, |
| Date of publication, distribution, etc | 2024. |
| 300 ## - PHYSICAL DESCRIPTION | |
| Extent | xxix, various pagination : |
| Other physical details | colored illustrations ; |
| Dimensions | 25 cm. |
| 504 ## - BIBLIOGRAPHY, ETC. NOTE | |
| Bibliography, etc | Includes bibliographical references and index. |
| 650 ## - SUBJECT ADDED ENTRY--TOPICAL TERM | |
| Topical term or geographic name as entry element | Strategic planning. |
| 650 ## - SUBJECT ADDED ENTRY--TOPICAL TERM | |
| Topical term or geographic name as entry element | Strategic management. |
| 650 ## - SUBJECT ADDED ENTRY--TOPICAL TERM | |
| Topical term or geographic name as entry element | Industrial management. |
| 942 ## - ADDED ENTRY ELEMENTS (KOHA) | |
| Source of classification or shelving scheme | Library of Congress Classification |
| Koha item type | Books |
| Withdrawn status | Lost status | Source of classification or shelving scheme | Damaged status | Home library | Current library | Shelving location | Date acquired | Source of acquisition | Sub Shelving location | Total Checkouts | Full call number | Barcode | Date last seen | Date checked out | Price effective from | Koha item type |
|---|---|---|---|---|---|---|---|---|---|---|---|---|---|---|---|---|
| Library of Congress Classification | College Library | College Library | Reserve Section | 06/04/2025 | Library Fund | 1 | HD 30.28 .R68 2024 | C25238 | 12/15/2025 | 11/19/2025 | 09/26/2025 | Books | ||||
| Library of Congress Classification | College Library | College Library | Reserve Section | 06/04/2025 | Library Fund | HD 30.28 .R68 2024 | C25418 | 10/21/2025 | 10/21/2025 | Books |